000 06304namaa22004451i 4500
003 EG-GICUC
005 20260303101506.0
008 260219s2025 ua a|||frm||| 000 0 eng d
040 _aEG-GICUC
_beng
_cEG-GICUC
_dEG-GICUC
_erda
041 0 _aeng
_beng
_bara
049 _aDeposit
082 0 4 _a551
092 _a551
_221
097 _aPh.D
099 _aCai01.12.16.Ph.D.2025.Om.D
100 0 _aOmar Ahmed Mohamed Gomaa Ali,
_epreparation.
245 1 0 _aDeveloping new optimization algorithms by applying different geophysical datasets for modeling and evaluation subsurface reservoirs /
_cby Omar Ahmed Mohamed Gomaa Ali ; Supervisors, Prof. Dr. Khalid Sayed Ahmed Tawfik Essa, Dr. Mahmoud Elhussein Mohamed Kamel, Dr. Zein Elabedin Diab Abdelfatah Hassan.
246 1 5 _aتطوير خوارزميات تحسين جديدة من خلال مجموعات بيانات جيوفيزيقية مختلفة لنمذجة وتقييم الخزانات الجوفية
264 0 _c2025.
300 _a167 pages :
_billustrations ;
_c25 cm. +
_eCD.
336 _atext
_2rda content
337 _aUnmediated
_2rdamedia
338 _avolume
_2rdacarrier
502 _aThesis (Ph.D)-Cairo University, 2025.
504 _aBibliography: pages 147-167.
520 3 _aThe thesis introduces advanced methodologies for detecting subsurface structures, offering significant potential to transform the exploration of mineral and ore deposits, while also enhancing studies of volcanic activity and geothermal reservoirs. By integrating the Bat algorithm with multi-order horizontal gradient methods and employing adjustable window lengths, the approach aims to eliminate regional influences in potential field datasets (gravity, magnetic, and self-potential), thus enhancing the accuracy of subsurface structure parameter estimation for basic geometric forms like spheres and both horizontal and vertical cylinders. Rigorous testing on synthetic models has verified the robustness and adaptability of the proposed algorithms under varying geological complexities and noise conditions. These methods were also applied to real datasets from Canada, India, Cuba, and the USA, yielding outstanding outcomes that affirm the algorithms’ reliability and practical utility in different geological settings. I am confident that combining adaptive window sizes in horizontal gradient calculations with the Bat algorithm’s optimization of global solutions will substantially improve the precision of subsurface structural parameter estimation. The thesis is expected to encourage further research into these pioneering techniques and support ongoing advancements in subsurface structural modelling.
520 3 _aتتناول هذه الرسالة طرق متطورة للكشف عن الطبقات والخامات الجيولوجية تحت سطح الارض، مع توافر امكانيات وقدرات واعدة لاحداث نقلة نوعية في مجالات استكشاف الموارد المعدنية والخامات، ودراسة النشاط البركاني والخزانات الحرارية الجوفية. وقد تم تطوير اطار منهجي يجمع بين خوارزمية الخفاش والتدرجات الافقية بمستويات مختلفة، مع استخدام اطوال نوافذ متغيرة، بهدف ازالة التأثيرات الاقليمية من بيانات الجهد الجيوفيزيقية المختلفة مثل ( الجاذبية، والمغناطيسية، والجهد الذاتي)، مما يساهم في تحسين دقة تقدير العناصر والقيم الهندسية للنماذج والاشكال الاساسية مثل الكرات و الاسطوانات الافقية والعمودية. وقد أظهرت هذه الطرق المطورة نتائج ذات كفاءة عالية ، وقدرتها علي التعامل مع تعقيدات الجيولوجيا المتنوعة ومختلف المستويات من الضوضاء تحت سطح الارض. كما تم اختبار هذه الطرق علي بيانات غير حقيقة وبيانات حقلية حقيقية من عدة اماكن تشمل كندا، والهند، وكوبا، والولايات المتحدة الامريكية، حيث أظهرت نتائج ذات دقة عالية وموثوقة، مما يؤكد صلاحية هذه الطرق المطورة للتطبيق في البيئات الجيولوجية الواقعية، وعلي مختلف بيانات الجهد الجيوفيزيقية. وأنا اؤمن بأن عملية الدمج واستخدام عدة اطوال متغيرة للنوافذ المستخدمة في حساب التدرجات الافقية، التي تعمل علي تحسين وتسيهل عملية ايجاد الحلول المناسبة والقيم الصحيحة للنماذج مع تطبيق خوارزمية الخفاش عليها، يمثل هذا الدمج خطوة متقدمة لرفع جودة ودقة نمذجة الطبقات والخامات الجيولوجية تحت سط الارض. ومن المتوقع انها سوف تلهم الباحثيين لاستكشاف طرق اكثر تطورا، والمساهمه في تطوير مجال تحليل البيانات الجيوفيزيقية وطرق الاستكشاف الجيولوجية.
530 _aIssues also as CD.
546 _aText in English and abstract in Arabic & English.
650 0 _aGeophysics
650 0 _aالجيوفيزياء
653 1 _aGravity Data
_aBat Algorithm
_aMagnetic Anomalies
_aHorizontal Gradients
_aSelf-Potential Signatures
_aOre deposits
_aGeothermal reservoirs
_aMineral exploration
_aالجاذبية
_aخوارزمية الوطواط
700 0 _aKhalid Sayed Ahmed Tawfik Essa
_ethesis advisor.
700 0 _aMahmoud Elhussein Mohamed Kamel
_ethesis advisor.
700 0 _aZein Elabedin Diab Abdelfatah Hassan
_ethesis advisor.
900 _b01-01-2025
_cKhalid Sayed Ahmed Tawfik Essa
_cMahmoud Elhussein Mohamed Kamel
_cZein Elabedin Diab Abdelfatah Hassan
_UCairo University
_FFaculty of Science
_DDepartment of Geophysics
905 _aShimaa
_eEman Ghareb
942 _2ddc
_cTH
_e21
_n0
999 _c178612